000
00210 a2200097 4500
001
11010
100
_a
Ikram Azam
245
_a
Pakistan and Indian Heritage
260
_a
_b
Sang-e-Meel
_c
090
_c
8578
_d
8578
942
_a
NUST-CAE
_c
M
_c
35353
999
_c
246083
_d
246083